[Event "Nairobi Capablanca Cup 7th"]
[Site "Nairobi"]
[Date "2017.05.21"]
[Round "6"]
[White "Maigua, Joseph Ngooro"]
[Black "Omondi, Timothy"]
[Result "1-0"]
[WhiteElo "1811"]
[BlackElo "1635"]
[PlyCount "39"]
[EventDate "2017.05.20"]
[EventType "swiss"]
[EventRounds "6"]
[EventCountry "KEN"]
[SourceTitle "CBM 178 Extra"]
[Source "ChessBase"]
[SourceDate "2017.06.22"]
[SourceVersion "1"]
[SourceVersionDate "2017.06.22"]
[SourceQuality "1"]

1. e4 c5 2. Nf3 d6 3. d4 cxd4 4. Nxd4 Nf6 5. Nc3 a6 6. Bg5 e6 7. f4 Be7 8. Qf3 Qc7 9. 0-0-0 Nbd7 10. g4 b5 11. Bxf6 Nxf6 12. g5 Nd7 13. f5 Bxg5+ 14. Kb1 0-0 15. Qh5 Bf6 16. fxe6 Nb6 17. exf7+ Rxf7 18. Bh3 Bxd4 19. Rxd4 Qe7 20. Rhd1 1-0